| 000 | 01120cam a2200289 c 4500 | ||
|---|---|---|---|
| 001 | 137655 | ||
| 003 | ES-MaACL | ||
| 005 | 20260121133824.0 | ||
| 008 | 210930m19191920sp 001 0cspa | ||
| 080 | _a929 Unamuno, Miguel de | ||
| 080 | _a929 Dorado Montero, Pedro | ||
| 100 | 1 |
_aSaldaña, Quintiliano, _d1878-1938 _9101861 |
|
| 245 | 1 | 0 |
_aMentalidades españolas / _cpor Quintiliano Saldaña. |
| 260 |
_aMadrid : _bLibrería de Rubiños, _c1919-1920 ( _fImp. de G. López del Horno) |
||
| 300 |
_a2 v. ; _c19 cm. |
||
| 504 | _aReferencias bibliográficas. | ||
| 505 | 8 | _aContiene: 1. Miguel de Unamuno (160 p.) - 2. Dorado Montero (160 p.) | |
| 530 | _aDisponible en formato digital. | ||
| 596 | _aVol. 2 ed. por Reus. | ||
| 600 | 1 | 4 |
_aUnamuno, Miguel de, _d1864-1936- _xBiografías _9172375 |
| 600 | 1 | 4 |
_aDorado Montero, Pedro, _d1861-1919 _945376 |
| 852 | 4 |
_aES-MaACL _jF-10277 _cSPP2 |
|
| 852 | 4 |
_aES-MaACL _jF-10099 _cSPP2 _p(2. Dorado Montero) |
|
| 856 | 4 |
_uhttp://bdh-rd.bne.es/viewer.vm?id=0000247564&page=1 _y(Biblioteca Digital Hispánica) |
|
| 942 | _2udc | ||
| 999 |
_c137655 _d137655 |
||